[Event "Hoogovens op"]
[Site "Wijk aan Zee"]
[Date "1995.01.??"]
[Round "10"]
[White "Short, Nigel D"]
[Black "Khalifman, Alexander"]
[Result "1/2-1/2"]
[WhiteElo "2655"]
[BlackElo "2635"]
[Annotator "Ernst,T"]
[PlyCount "150"]
[EventDate "1995.01.??"]
[EventType "swiss"]
[EventRounds "12"]
[EventCountry "NED"]
[SourceTitle "CBM 046"]
[Source "ChessBase"]
[SourceDate "1995.06.01"]
[SourceVersion "1"]
[SourceVersionDate "1995.06.01"]
[SourceQuality "1"]

1. e4 c5 2. Nf3 Nc6 3. d4 cxd4 4. Nxd4 g6 5. Nc3 Bg7 6. Be3 Nf6 7. Bc4 O-O 8.
Bb3 d6 9. h3 Nxd4 10. Bxd4 b5 $1 {[#]} 11. a3 (11. O-O Bb7 12. Qd3 (12. Re1 $6
e5 $1 13. Be3 Nxe4 14. Nxb5 d5 $15 {Sznapik,A-Skrobek,R/Poland/1977}) (12. Bd5
Qd7 13. a3 Rac8 $10) 12... a5 13. a3 (13. Rfe1 b4 14. Na4 Bc6 {1/4/Emms,
J-Borge,N/Copenhagen/1994}) 13... Ba6 (13... b4 $5) 14. Nxb5 Nxe4 15. Qxe4 Bxb5
16. Bxg7 Kxg7 17. Rfe1 (17. Bc4 $2 Bxc4 18. Qxc4 Qb6 19. b3 Rfc8 $15 {
Landenbergue,C-Petursson,M/Horgen/1994}) 17... e6 18. c4 Ba6 $10 {Hector,
J-Borge,N/Danmark/1992}) (11. Nxb5 Nxe4 12. Bxg7 Kxg7 13. Qd4+ Nf6 14. O-O-O
Bb7 $10 {Tal,M-Gufeld,E/Baku/1972}) 11... a5 12. O-O Bb7 13. f3 $146 {[#]} (13.
Qd3 {- 11.0-0}) 13... Bc6 14. Re1 Rb8 15. Nd5 Bxd5 16. Bxd5 Nxd5 17. exd5 Bxd4+
18. Qxd4 {[#]} Re8 19. c3 Qb6 20. Rad1 Kf8 21. Kf2 Rec8 22. Re4 b4 23. axb4
axb4 24. Qxb6 Rxb6 25. c4 {[#]} Ra6 $132 26. Ke2 Ra2 27. Rb1 Rc7 28. Kd3 Ra5
29. g4 (29. Kc2 $4 Rxd5 $17) 29... g5 30. Rf1 h6 31. f4 Kg7 32. fxg5 hxg5 33.
Rd4 Rca7 34. Kc2 Rb7 35. Kb3 Ra8 36. Rd3 Kg6 37. Rdf3 f6 (37... Rf8 $2 38. Ra1
$1 $16) 38. Re3 Kg7 39. Rc1 Kf7 40. Rce1 (40. c5 $1 dxc5 41. Rxc5 Rab8 42. Kc4
{/\ 43.Rb3} b3 $5 $14) 40... Ra5 41. h4 gxh4 42. Rh3 Ra8 43. Rxh4 Kg6 {>< g4}
44. Rg1 Rf8 45. Rgh1 Rbb8 46. Ra1 Rb7 {/\ 47..Kg5} 47. Rg1 Rbb8 48. Rgh1 Rb7
49. Kc2 Rg8 50. Rh7 b3+ 51. Kd3 Rc7 52. Rh8 (52. Kc3 Rgc8 $1 $13) 52... Rxh8
53. Rxh8 {[#]} Kg5 54. Rg8+ Kf4 55. Kc3 Rb7 56. Rg7 Rb6 57. Rxe7 Kxg4 $132 58.
Rc7 {/\ 59.Rc6} Rb8 59. Rc6 Rd8 60. Kxb3 f5 61. c5 dxc5 62. Kc4 Rb8 63. Rg6+
Kf3 64. b3 Rb4+ 65. Kxc5 Rxb3 66. d6 Rd3 67. Kc6 f4 68. d7 Rxd7 69. Kxd7 Ke3
70. Re6+ Kd3 71. Rf6 Ke3 72. Ke6 f3 73. Kf5 f2 74. Kg4 Ke2 75. Rxf2+ Kxf2
1/2-1/2

[Event "Linares 13th"]
[Site "Linares"]
[Date "1995.03.02"]
[Round "2"]
[White "Khalifman, Alexander"]
[Black "Lautier, Joel"]
[Result "1-0"]
[WhiteElo "2635"]
[BlackElo "2655"]
[Annotator "Notkin,M"]
[PlyCount "75"]
[EventDate "1995.03.01"]
[EventType "tourn"]
[EventRounds "13"]
[EventCountry "ESP"]
[EventCategory "17"]
[SourceTitle "CBM 046"]
[Source "ChessBase"]
[SourceDate "1995.06.01"]
[SourceVersion "1"]
[SourceVersionDate "1995.06.01"]
[SourceQuality "1"]

1. e4 {Kortschnoj} c5 2. Nf3 e6 3. d4 cxd4 4. Nxd4 Nf6 5. Nc3 Nc6 6. Ndb5 d6 7.
Bf4 e5 8. Bg5 a6 9. Na3 b5 10. Bxf6 gxf6 11. Nd5 Bg7 12. Bd3 Ne7 13. Nxe7 Qxe7
14. O-O f5 15. c4 O-O 16. Qf3 bxc4 17. Nxc4 d5 18. exd5 e4 19. Qe3 (19. Qe2 Bb7
20. Bc2 (20. d6 Qe6 21. Bc2 f4 22. Bb3 f3 (22... a5 $5) 23. Qd2 $13 {Ernst,
T-Kharlov,A/Haninge/1992/0,5/61/}) 20... Bxd5 21. Nb6 Rad8 22. Nxd5 Rxd5 23.
Rad1 Rb5 $1 $15 {Vlad,D-Gagarin,V/Turnu-Severin/1992/0:1/31/}) 19... Bb7 20. d6
(20. Rad1 Bxd5 21. Nb6 Be6 $1 22. Nxa8 exd3 23. Nb6 Qb4 $1 24. Rxd3 f4 25. Rb3
Qxb3 26. Qxb3 Bxb3 27. axb3 Rb8 $15 {Egger,J-Nunn,J/Manila(ol)/1992/0,5/48/}) (
20. Rfd1 Bxd5 21. Nb6 Rad8 22. Nxd5 Rxd5 23. Bxa6 Rxd1+ 24. Rxd1 Qe6 $1 $10 {
Psakhis,L-Greenfeld,A/Haifa/1995/0,5/32/}) 20... Qf6 21. Bc2 f4 22. Qh3 Rac8
23. Bb3 $5 (23. b3 Qg5 24. Rad1 f5 25. b4 (25. d7 Rcd8 26. Rd6 Rf7 27. Rfd1 Bf8
28. Ne5 Re7 $17 {Hendriks,W-Lemmers,O/NED/1994/0:1/45/}) 25... Kh8 26. Bb3 Bc6
27. d7 Rcd8 28. Rd6 Bxd7 29. Rfd1 Qe7 $17 {Gurevich,I-Illescas Cordoba,M/Biel
(izt)/1993/0:1/36/}) 23... Rc5 $1 24. Rad1 $2 (24. Rfd1 $5 $13) 24... Rg5 $1 {
/\e3/} 25. Rd2 Bd5 $2 (25... Qg6 $2 26. d7 Rh5 (26... Bf6 27. Nd6 Rh5 28. Nxf7
$18) 27. Qxh5 Qxh5 28. d8=Q Rxd8 29. Rxd8+ Bf8 30. Nd6 Bd5 31. Ne8 $1 $18) (
25... Rd8 $1 26. d7 (26. Rfd1 Qg6 27. Bc2 Rh5 28. Qb3 Qh6 29. h3 (29. Qxb7 Rxh2
30. Kf1 f3 31. gxf3 Qh3+ $19) 29... Rb5 $17) (26. Bc2 Bd5 (26... Qg6 27. f3 $13
) (26... f3 $1 $17) 27. Rxd5 Rxd5 28. Bxe4) 26... Bd5 $1 {/\Be6} (26... Qg6 27.
Nd6 Rh5 28. Nxf7 $18) 27. Na5 (27. Rfd1 Qg6) 27... Bxb3 28. Nxb3 Qg6 {/\Rh5/}
29. Rc1 (29. f3 e3 30. Re2 Qd3 $17) 29... Rh5 30. Rc8 Bf6 $1 31. Qc3 f3 32. g3
Rxh2 $1 33. Rxd8+ (33. Kxh2 Qh5+ 34. Kg1 Qh3 $19) 33... Bxd8 34. Qc8 Qh5 35.
Qxd8+ Kg7 36. Qg8+ Kxg8 37. d8=Q+ Kg7 38. Qd4+ f6 39. Qd7+ (39. Qa7+ Kg6 $19)
39... Kh6 $19) 26. Nb6 Bxb3 (26... Be6 27. Bxe6 Qxe6 28. Qxe6 fxe6 29. Re1 f3
30. g3 Rb8 31. d7 Bf6 32. Rd6 (32. Nc4 $6 Rd5 33. Rxe4 $2 Rxb2 $1) 32... Rb5
33. Nc4 Rd5 34. Rxe4 Rxb2 35. h4 $18) (26... Bc6 $5) 27. Nd7 $1 Qg6 $6 (27...
Qe6 28. Qxe6 Bxe6 29. Nxf8 $16) 28. Nxf8 Bxf8 29. axb3 Bxd6 (29... Rh5 30. Qc8
$18) 30. Rc1 $18 Be7 (30... Be5 31. Rc8+ Kg7 32. Rdd8) (30... Bc5 31. b4 $1)
31. Rd7 Qf6 (31... Bf6 32. Rc8+ Kg7 33. Rcc7) 32. Rc8+ Kg7 33. Qc3 Qxc3 (33...
Re5 34. Rc6 Qg5 35. h4 $18) 34. bxc3 Ra5 35. Kf1 Bh4 36. Rc4 Ra1+ 37. Ke2 Ra2+
38. Rd2 (38. Rd2 {Kortschnoj} f3+ 39. gxf3 exf3+ 40. Kd3 Rxd2+ 41. Kxd2 Bxf2
42. Rf4 $16 Bg1 $2 43. Rg4+) 1-0

[Event "Linares 13th"]
[Site "Linares"]
[Date "1995.03.06"]
[Round "5"]
[White "Beliavsky, Alexander G"]
[Black "Khalifman, Alexander"]
[Result "0-1"]
[WhiteElo "2650"]
[BlackElo "2635"]
[Annotator "Endgame-CD"]
[PlyCount "110"]
[EventDate "1995.03.01"]
[EventType "tourn"]
[EventRounds "13"]
[EventCountry "ESP"]
[EventCategory "17"]
[SourceTitle "CBM 046"]
[Source "ChessBase"]
[SourceDate "1995.06.01"]
[SourceVersion "1"]
[SourceVersionDate "1995.06.01"]
[SourceQuality "1"]

1. d4 Nf6 2. c4 c5 3. d5 b5 4. cxb5 a6 5. bxa6 g6 6. Nc3 Bxa6 7. e4 Bxf1 8.
Kxf1 d6 9. Nf3 Nbd7 10. g3 Bg7 11. Kg2 O-O 12. Re1 Qa5 13. h3 Rfb8 14. Re2 Ne8
15. Rc2 Nb6 16. Qe2 Qa6 17. Ng1 Na4 18. Qxa6 Rxa6 19. Nge2 Nc7 20. a3 f5 21. f3
fxe4 22. fxe4 Nxc3 23. Nxc3 Nb5 24. Nxb5 Rxb5 25. Rc4 Bxb2 26. Rb1 Rab6 27. a4
Rb3 28. a5 Bxc1 29. Rbxc1 Rb2+ 30. R1c2 R6b5 31. a6 Rb6 32. e5 Rxc2+ 33. Rxc2
Rxa6 34. exd6 exd6 35. Re2 Kf7 36. Re6 c4 37. Re4 c3 38. Rc4 Ra3 39. Kf3 c2+
40. Ke2 Ra2 41. Ke3 Kf6 42. Kd2 Ra3 43. Kxc2 Rxg3 44. Re4 Rxh3 45. Re6+ Kf7 46.
Rxd6 Ke7 47. Re6+ Kd7 48. Ra6 Rh5 49. Kc3 Rxd5 50. Ra7+ Ke6 51. Rxh7 $19 g5 {
Schwarz gewinnt, weil der weiße König abgesperrt ist. Black wins because the
white King is cut off.} 52. Rh1 (52. Rh2 Kf5 (52... Rd7 53. Rf2 Ke5 54. Rf8 g4
$19) 53. Rd2 Rxd2 54. Kxd2 Kg4 $19) 52... Kf5 53. Rf1+ Ke4 54. Rg1 Kf3 55. Kc4
Ra5 (55... Ra5 56. Kd3 g4 57. Rf1+ Kg2 58. Rf7 g3 59. Rg7 Kh1 60. Rh7+ (60.
Rxg3 Ra3+ $19) 60... Kg1 61. Rg7 g2 62. Ke2 Rh5 63. Rg8 Kh1 $19) 0-1

[Event "Linares 13th"]
[Site "Linares"]
[Date "1995.03.07"]
[Round "6"]
[White "Khalifman, Alexander"]
[Black "Ljubojevic, Ljubomir"]
[Result "1/2-1/2"]
[WhiteElo "2635"]
[BlackElo "2580"]
[Annotator "Belov,I"]
[PlyCount "104"]
[EventDate "1995.03.01"]
[EventType "tourn"]
[EventRounds "13"]
[EventCountry "ESP"]
[EventCategory "17"]
[SourceTitle "CBM 046"]
[Source "ChessBase"]
[SourceDate "1995.06.01"]
[SourceVersion "1"]
[SourceVersionDate "1995.06.01"]
[SourceQuality "1"]

1. d4 Nf6 2. c4 e6 3. Nf3 b6 4. g3 Bb4+ 5. Bd2 Be7 6. Bg2 Bb7 7. Nc3 O-O 8. O-O
d5 9. cxd5 exd5 (9... Nxd5 10. Qc2 (10. Nxd5 exd5 11. Bf4 Bd6 12. Bxd6 Qxd6 13.
Qc2 Nd7 14. Rac1 c6 15. Rfd1 Rfc8 16. Ne1 $14 {Keene,R-Hecht,H/Amserdam/1973/})
(10. Rc1 Nd7 11. Qc2 c5 12. Rfd1 Nxc3 13. Bxc3 Qe8 14. Qb1 Rc8 15. b3 h6 16.
Qb2 Nf6 $10 {Pinter,J-Karpov,A/FRA/1993/0,5/88/}) 10... Nd7 11. Rfd1 c5 12.
dxc5 Nxc5 13. Bf4 Qc8 14. Nxd5 Bxd5 15. Ng5 Bxg5 16. Bxd5 exd5 17. Bxg5 Qe6 18.
Be3 Ne4 19. a4 $14 {Tukmakov,V-Balashov,Y/URS-ch/1970/}) 10. Qc2 c5 (10... Na6
11. Bf4 Qd7 $5 12. Rad1 Rfd8 13. Ne5 Qe6 14. Nd3 Ne4 15. a3 c5 16. Be3 Nxc3 17.
Nf4 Qc6 18. bxc3 c4 $10 {Suba,M-Psakhis,L/Szirak(13)/1986/0:1/56/}) 11. Rad1
Nbd7 (11... Na6 12. Bf4 Qc8 13. Be5 Rd8 14. Ng5 h6 $2 (14... g6) 15. Bh3 Qc6
16. Bxf6 Bxf6 17. Qh7+ Kf8 18. Nf3 Nc7 19. Rfe1 $1 Re8 20. e4 $16 {Yusupov,
A-Yudasin,L/Minsk(5)/1982/1:0/33/}) 12. Bf4 Rc8 13. Qb1 Re8 14. dxc5 (14. Bh3
$5 Bf8 15. Rfe1 $14) 14... bxc5 (14... Nxc5 15. Nb5 a6 16. Nbd4 $14) 15. Ng5 (
15. Ne5 Nxe5 16. Bxe5 Qb6 17. Bxf6 Bxf6 18. Bxd5 (18. Nxd5 Bxd5 19. Bxd5 Rxe2
$10) 18... Bxc3 19. bxc3 Bxd5 20. Rxd5 Rxe2 $10) (15. Nh4 Qb6 16. Nf5 Bf8 17.
Rfe1 d4 18. Na4 Qb5 19. Bxb7 Qxb7 $10) 15... Nf8 (15... h6 $5) 16. Nge4 Qb6 17.
Nxf6+ Bxf6 18. Nxd5 Bxd5 19. Bxd5 Rxe2 (19... Qxb2 20. e4 $14) 20. Qf5 Rce8 21.
Be3 Ne6 (21... Rxb2 $6 22. Bxc5 Qb8 (22... Qxc5 23. Bxf7+ $18) 23. Ba3 $14) 22.
Be4 Nf8 23. Bd5 Ne6 24. b3 (24. Be4 $10) 24... Bd4 $1 (24... Rxa2 $6 25. b4 Rb2
26. bxc5 Qc7 (26... Nxc5 27. Bxc5 Qxc5 28. Bxf7+ $18) 27. c6 $16) 25. Qh5 (25.
a4 $5) 25... Rxa2 26. b4 g6 $1 27. bxc5 (27. Qf3 Rb2 28. bxc5 Bxc5 $15) 27...
Bxc5 28. Qg4 Ra5 29. Bxc5 Rxc5 30. Rfe1 Rc2 31. Qf3 Kg7 (31... h5 32. Qf6 $44)
32. Bxe6 Rxe6 33. Rxe6 Qxe6 34. Qd3 Ra2 (34... Rc5 $5 35. Qd4+ Qe5 36. Qxe5+
Rxe5 37. Ra1 a5 $17) 35. Qd4+ Qf6 (35... Kg8 36. Qd8+ Kg7 37. Qd4+ f6 38. Qd8
$36) 36. Qxf6+ Kxf6 37. Rd7 Ke6 38. Rb7 h5 (38... g5 39. h3 h5 40. Kg2 a5 41.
Kf3 a4 42. Ke3 a3 43. Kf3 Ra1 44. Kg2 g4 45. hxg4 hxg4 46. Rb5 f5 47. Ra5 $10)
39. Kg2 Ra3 40. h4 Ra5 (40... Ra2 $5) 41. f3 $1 Ra2+ 42. Kh3 a5 43. g4 $1 hxg4+
44. fxg4 Ra3+ 45. Kg2 Ra4 46. Kf3 Rb4 47. Ra7 a4 48. h5 $10 Kf6 49. h6 Rb3+ 50.
Kg2 Rb2+ 51. Kg3 Rb3+ 52. Kg2 Rb2+ (52... Rb4 53. h7 Kg7 54. Rxf7+) 1/2-1/2

[Event "Linares 13th"]
[Site "Linares"]
[Date "1995.03.17"]
[Round "13"]
[White "Sokolov, Ivan"]
[Black "Khalifman, Alexander"]
[Result "1/2-1/2"]
[WhiteElo "2645"]
[BlackElo "2635"]
[Annotator "Stohl,I"]
[PlyCount "119"]
[EventDate "1995.03.01"]
[EventType "tourn"]
[EventRounds "13"]
[EventCountry "ESP"]
[EventCategory "17"]
[SourceTitle "CBM 046"]
[Source "ChessBase"]
[SourceDate "1995.06.01"]
[SourceVersion "1"]
[SourceVersionDate "1995.06.01"]
[SourceQuality "1"]

1. d4 Nf6 2. c4 c5 3. d5 b5 4. cxb5 a6 5. f3 e6 (5... axb5 6. e4 Qa5+ 7. Bd2 b4
8. Na3 d6 9. Nc4 Qd8 10. Bd3 $5 e6 11. dxe6 Bxe6 12. Ne2 d5 13. exd5 Nxd5 14.
O-O Be7 15. Qc2 h6 16. Bf5 Ra6 17. Ng3 O-O 18. Rfe1 Nc6 $5 19. Bxe6 Nd4 20.
Bxf7+ Rxf7 21. Qd3 Bh4 22. Ne5 $14 {Browne,W-Waitzkin,J/San Francisco/1995/})
6. e4 exd5 7. exd5 $5 (7. e5 Qe7 8. Qe2 Ng8 9. Nc3 Bb7 10. Nh3 c4 11. Be3 Qb4
12. b6 $1 Bc5 13. O-O-O Qxb6 14. Bxc5 Qxc5 15. Nf4 Ne7 16. Qd2 d4 17. Qxd4 Qxd4
18. Rxd4 Nbc6 19. Rxc4 Nxe5 20. Rb4 Bc6 21. Bxa6 $1 $16 {Zoler,D-Manceinger,V/
Groningen op/1994/}) 7... Bd6 (7... Qe7+ 8. Kf2 c4 9. Nc3 Qb4 10. Qe2+ Kd8 11.
Qxc4 Bc5+ 12. Ke1 Re8+ 13. Kd1 axb5 14. Qxb4 Bxb4 15. Bd2 Bxc3 16. Bxc3 Nxd5
17. Bd2 Ne3+ 18. Bxe3 Rxe3 19. Ne2 Bb7 20. Nd4 Ra4 21. Kd2 Re5 22. Nxb5 Rb4 23.
Kc3 Rbxb5 24. Bxb5 Rxb5 25. b4 $14 {Akopian,V-Vaiser,A/Moscow GMA-op/1989/}) (
7... d6 $6 8. Nc3 Be7 9. Bc4 O-O 10. Nge2 Nbd7 11. b3 Nb6 12. O-O axb5 13. Nxb5
Bb7 14. Nec3 Qd7 15. a4 h6 16. Ra2 $1 Rfd8 17. Qd3 Bf8 18. g4 Re8 19. Bf4 Nxc4
20. bxc4 $16 {Vaiser,A-Mencinger,V/Ptuj/1989/}) 8. Qe2+ Kf8 9. Nc3 axb5 10. Be3
$5 $146 (10. Nxb5 Ba6 11. Qd2 Qe7+ 12. Kf2 h6 13. Nxd6 Qxd6 14. Ne2 Qxd5 15.
Qxd5 Nxd5 16. Nf4 $13 {1/2:1/2,Vasiliev,V-Kron,V/URS-sf Voronez/1991/}) (10.
Qxb5 Qc7 $5 11. Bc4 Bxh2 12. Nge2 Bg3+ 13. Kf1 Be5 14. Be3 d6 $13 {Brasket,
C-Peters,J/USA-op Los Angeles/1991/}) 10... Ba6 (10... b4 11. Nb5 Ba6 12. Qd2
$14) 11. Qd2 c4 {/\b4|^} (11... Qa5 $5 $132) 12. a3 Qa5 13. Rd1 b4 (13... Be5
14. Nge2 d6 15. f4 $1 Bxc3 16. Nxc3 $16 {עf8}) 14. axb4 Bxb4 15. Nh3 d6 16.
Be2 Nbd7 17. O-O $14 {@} Bc5 (17... Re8 18. Ra1 $5 Bxc3 19. bxc3 Qxd5 20. Bd4
$44 {/\Rfb1,Nf4->}) 18. Nf2 (18. Bxc5 Qxc5+ (18... Nxc5 19. Nf2 $1 $14) 19. Kh1
Re8 20. Ra1 Bb7 $132) 18... Bxe3 19. Qxe3 Qb6 20. Qd2 g6 $5 (20... h6 21. Kh1
g6 22. Nfe4 $36 {><d6,Kf8}) 21. Qh6+ $8 Kg8 22. Rd2 Re8 23. Kh1 Qe3 24. Qxe3
Rxe3 25. Rc2 (25. Nfe4 Nxe4 26. Nxe4 Kg7 {/\} 27. Nxd6 $2 c3 $1) 25... Kg7 26.
Nfe4 Nxe4 27. Nxe4 Rb8 28. Bxc4 (28. Nxd6 $2 Rxe2 29. Rxe2 c3 $19) 28... Bxc4
29. Rxc4 Rxb2 30. Nxd6 Ree2 31. Rg1 Ne5 (31... Nf6 $5 32. Rc7 Nxd5 33. Rxf7+
Kg8 $44 {/\} 34. Ra1 Ra2 35. Rc1 Rac2) 32. Rc7 (32. Re4 Nd3 33. Rxe2 Rxe2 {
/\Nf4=}) 32... g5 (32... Nxf3 $2 33. Rxf7+ Kg8 34. Rxf3 $18) (32... Nd3 33. h3
Ne1 34. Rxf7+ Kh6 35. Rb7 $40) 33. h3 Kg6 34. Re7 {/\Re5!} Rbd2 $2 (34... Ra2
$5 $14) 35. Ne4 (35. Rxe5 Rxe5 36. Nc4 Rexd5 $10) 35... Nxf3 $8 (35... Rxd5 $2
36. Nc3 $18) 36. Nxd2 (36. gxf3 $4 Rh2#) 36... Nxg1 37. Ne4 $1 {o^d} Re1 $8 (
37... f5 38. Re6+ {/\Ng5+-}) 38. Kh2 Rd1 39. d6 Ne2 40. d7 Nf4 41. Nc5 Kf6 (
41... Ne6 42. Rxe6+ $1 fxe6 43. Nxe6 Rxd7 44. Nf8+ $18) 42. Re8 Ne6 $8 43. Nxe6
Rxd7 44. Nf8 $2 {פf8} (44. Nc5 $18) 44... Rd3 45. Nxh7+ Kg6 46. Nf8+ (46. Nxg5
Kxg5 $10) 46... Kg7 47. Rb8 Rd2 48. Kg3 Rd4 $1 49. Kf3 Rd2 50. Ra8 (50. g4 Rd4
51. Ke3 Rd5 52. Ke4 Rd1 $10) 50... Rd4 51. Ke3 Rd1 52. Ke4 Rd2 53. g3 Rd1 54.
Kf5 Rd5+ 55. Kg4 Rd3 $1 56. Re8 (56. Kxg5 Rxg3+ 57. Kh4 Rd3 $10) 56... Rd5 57.
Ne6+ $5 (57. h4 gxh4 58. gxh4 Rd4+ $10) 57... fxe6 58. Rxe6 Rd3 59. Re1 (59.
Re5 Kh6 (59... Kf6 $2 60. Rf5+ $18) 60. Rxg5 $2 Rd4+ $19) 59... Kg6 60. Re6+ (
60. Re6+ Kf7 $10) 1/2-1/2

[Event "PCA/Intel-GP"]
[Site "Moscow"]
[Date "1995.04.28"]
[Round "1.6"]
[White "Anand, Viswanathan"]
[Black "Khalifman, Alexander"]
[Result "1-0"]
[WhiteElo "2715"]
[BlackElo "2635"]
[Annotator "Vaisser,A"]
[PlyCount "75"]
[EventDate "1995.04.??"]
[EventType "k.o. (rapid)"]
[EventRounds "4"]
[EventCountry "RUS"]
[SourceTitle "CBM 046 Extra"]
[Source "ChessBase"]
[SourceDate "1995.07.01"]
[SourceVersion "1"]
[SourceVersionDate "1995.07.01"]
[SourceQuality "1"]

1. e4 c5 2. Nf3 d6 3. d4 cxd4 4. Nxd4 Nf6 5. Nc3 g6 6. Be3 Bg7 7. f3 O-O 8. Qd2
Nc6 9. Bc4 Bd7 10. O-O-O Ne5 11. Bb3 Rc8 12. h4 Nc4 13. Bxc4 Rxc4 14. h5 Nxh5
15. g4 Nf6 16. Kb1 Qc7 17. g5 Nh5 18. Nd5 Qd8 19. b3 Rc8 20. Ne2 e6 21. Ndf4
Nxf4 22. Nxf4 Qc7 23. Qh2 h5 (23... Rfd8 24. Qxh7+ Kf8 25. c4 Qa5 26. Nd5 $5
exd5 $140 27. Qxg7+ $1 Kxg7 28. Bd4+ f6 (28... Kf8 $2 29. Rh8+ Ke7 30. Bf6+ Ke6
31. cxd5+ $18) 29. gxf6+ $40) 24. gxh6 Be5 25. h7+ Kh8 26. Bd4 Be8 (26... Bxd4
$2 27. Rxd4 e5 28. Nd5) 27. Qe2 (27. c4 b5 $2 (27... Qe7 $8) 28. Bxe5+ dxe5 29.
Qh4 $18) 27... Qe7 28. Qe3 b6 29. Ne2 Qf6 30. f4 Bxd4 31. Nxd4 e5 32. Ne2 Bc6 (
32... exf4 $1 33. Nxf4 Bc6 $15) 33. f5 gxf5 34. Nc3 Bxe4 35. Nxe4 fxe4 36. Rdg1
{[#]} Rc5 (36... Qf4 37. Qh3 $18) 37. Qg3 Qg6 38. Qh4 1-0

[Event "St Petersburg op"]
[Site "St Petersburg"]
[Date "1995.??.??"]
[Round "5"]
[White "Khalifman, Alexander"]
[Black "Loginov, Valery A"]
[Result "1-0"]
[WhiteElo "2635"]
[BlackElo "2550"]
[Annotator "Khalifman,A"]
[PlyCount "81"]
[EventDate "1995.05.??"]
[EventType "swiss"]
[EventRounds "9"]
[EventCountry "RUS"]
[SourceTitle "CBM 046 Extra"]
[Source "ChessBase"]
[SourceDate "1995.07.01"]
[SourceVersion "1"]
[SourceVersionDate "1995.07.01"]
[SourceQuality "1"]

1. e4 c5 2. Nf3 d6 3. d4 cxd4 4. Nxd4 Nf6 5. Nc3 a6 6. Be2 e5 7. Nb3 Be7 8. O-O
O-O 9. Kh1 b5 $6 (9... Nbd7 10. f3 b6 (10... Nb6 11. a4 d5 12. a5 d4 13. Nb1
Nbd7 14. c3 dxc3 15. Nxc3 $14 {Tseshkovsky,V-Nasybullin,V/KAZ/1993/}) (10...
Qc7 11. a4 h6 12. Nd2 Rd8 13. Nc4 Nb6 14. Ne3 $14 {Tseshkovsky,V-Pigusov,E/
St-Peterburg(zt)1993/}) 11. a4 Bb7 12. Be3 Qc7 13. Nc1 $14 {Tseshkovsky,
V-Gurevich,V/Cappelle la Grande/1994/}) (9... Be6 10. f4 Qc7 (10... exf4 11.
Bxf4 Nc6 12. Qe1 Ne8 13. Nd5 Bg5 14. Bg3 $14 {Ehlvest,J-Gurevich,I/Saint
Martin/1993/}) 11. f5 (11. Nd5 Bxd5 12. exd5 Nbd7 13. c4 a5 14. Be3 a4 15. Nd2
Nc5 $13 {Hansen,LBo-Djurhuus,R/Moscow olm/1994/}) 11... Bc4 12. Bg5 Nbd7 13. a4
$14) (9... Qc7 10. a4 (10. f4 b5 $5) 10... Be6 11. f4 $14) 10. a4 (10. Nd5 Nxd5
11. Qxd5 Ra7 12. Be3 Be6 13. Qd1 (13. Qd2 Rd7 14. a4 d5 $10) 13... Rb7 $5 14.
Rc1 Nc6 $13 {Short,N-Kasparov,G/Novgorod/1994/}) 10... Bb7 (10... b4 11. Nd5
Nxd5 12. Qxd5 Ra7 13. Be3 Be6 14. Qd2 Rb7 15. f4 $16 {Oll,L-Piesina,G/Riga(zt)/
1995/}) 11. Nd5 $1 {Tseshkovsky/} Nbd7 (11... bxa4 12. Rxa4 Nbd7 13. Na5 $1
Bxd5 14. exd5 Nb6 15. Ra3 Nbxd5 16. Bf3 $14 {Tseshkovsky,V-Nevostrujev,V/
Vladivostok/1990/}) (11... Bxd5 12. exd5 b4 13. a5 Nbd7 14. Ra4 Nc5 15. Rxb4
Nxb3 16. Rxb3 $14 {Tseshkovsky,V-Neverov,V/St-Peterburg op/1993/}) 12. Nxe7+
Qxe7 13. f3 bxa4 14. Na5 Nc5 15. Nxb7 $1 {N} (15. Bg5 {Tseshkovsky,V-Isupov,V/
Vladivostok/1990/} Rab8 $13) 15... Nxb7 (15... Qxb7 16. Qxd6 $16) 16. Rxa4 Nc5
17. Ra1 Rfb8 $6 (17... a5 18. Be3 Qc7 $14) 18. b3 a5 19. Be3 Qc7 20. Qd2 h6 (
20... Rd8 21. Bg5 $1 $16) (20... a4 21. b4 Ncd7 (21... Ncxe4 22. fxe4 Nxe4 23.
Qd3 Rxb4 24. c4 $1 $16) 22. c4 $16) 21. Ra2 $1 $16 a4 $6 (21... Rd8 22. Rfa1
Nb7 (22... d5 23. Rxa5 Rxa5 24. Qxa5 $18) 23. Bc4 $16) 22. Rfa1 Rd8 23. b4 Ncd7
(23... Ne6 24. c4 $1 $16 (24. Rxa4 Rxa4 25. Rxa4 d5 $13)) 24. Rxa4 Rxa4 25.
Rxa4 Nb6 26. Ra6 Rb8 27. Bf1 Nfd7 28. Qd3 Rc8 29. Bg1 Kf8 30. Qb3 Ke7 31. Qa2
$1 Rb8 32. Ra7 Rb7 33. Rxb7 Qxb7 34. c4 $18 Nc8 35. Qa5 Qc6 36. c5 dxc5 37.
bxc5 Qb7 38. Qa2 Na7 39. Qd5 Nc6 40. Bc4 f6 (40... Nd8 41. Qxb7 Nxb7 42. c6 Nd6
43. c7 $18) 41. Qe6+ 1-0

[Event "St Petersburg op"]
[Site "St Petersburg"]
[Date "1995.??.??"]
[Round "6"]
[White "Aseev, Konstantin N"]
[Black "Khalifman, Alexander"]
[Result "0-1"]
[WhiteElo "2530"]
[BlackElo "2635"]
[Annotator "Khalifman,A"]
[PlyCount "68"]
[EventDate "1995.05.??"]
[EventType "swiss"]
[EventRounds "9"]
[EventCountry "RUS"]
[SourceTitle "CBM 046 Extra"]
[Source "ChessBase"]
[SourceDate "1995.07.01"]
[SourceVersion "1"]
[SourceVersionDate "1995.07.01"]
[SourceQuality "1"]

1. d4 Nf6 2. c4 g6 3. g3 c5 4. d5 b5 5. cxb5 a6 6. bxa6 Bg7 7. Bg2 d6 8. Nf3
Bxa6 9. O-O Nbd7 10. Re1 O-O 11. h3 (11. e4 $6 Ng4 $1 $36) (11. Nc3 Nb6) 11...
Nb6 12. e4 $6 (12. Nc3 Ra7 $13) 12... Nfd7 13. Nc3 (13. Qc2 Nc4 $1 14. Nbd2
Nde5 15. Bf1 Na3 $1 $44) (13. Nbd2 c4 $1 $36) 13... Nc4 14. Bf1 Qb6 15. Qc2 (
15. Bxc4 Bxc4 16. Qc2 Rfb8 $44) (15. Qb3 Qb4 $1 16. Qxb4 cxb4 17. Nd1 Na3 $5
18. Bxa6 Rxa6 19. Ne3 Rc8 $44) 15... Nce5 16. Nxe5 Nxe5 17. Kg2 (17. Be2 Rfb8
18. Rd1 Bxe2 19. Qxe2 Qa6 $5 $44) 17... Rfb8 $36 18. Bxa6 Qxa6 19. Rd1 Nc4 $1
20. g4 (20. Rd3 $2 Nxb2 $1 $19) 20... Qa5 21. Rd3 Ne5 22. Rd1 Nc4 $138 23. Rd3
Ne5 24. Rd1 Qb4 25. Rb1 Nc4 26. Rd3 Bxc3 $1 27. Qxc3 (27. Rxc3 Na3 28. Rxa3
Rxa3 29. b3 Ra4 $1 $17) 27... Na3 $5 (27... Rxa2 28. Qxb4 Rxb4 29. b3 Ne5 30.
Re3 c4 $17) 28. bxa3 $2 $138 (28. Qxb4 Rxb4 29. Bd2 (29. Ra1 Nc2 $19) 29...
Rbb8 30. Ra1 Nc4 $17) 28... Qxe4+ 29. Rf3 (29. f3 Qe2+ 30. Kg3 Rxb1 31. Re3 Qf1
32. Bb2 Qg1+ $19) 29... Rxb1 $19 30. Bb2 Qd4 31. Qxd4 cxd4 32. Bxd4 Rb5 33. Rc3
Rxd5 34. Be3 Rda5 {time} 0-1